<?xml version="1.0" encoding="UTF-8"?>
<collection xmlns="http://www.loc.gov/MARC21/slim">
 <record>
  <leader>00979nam a2200277 a 4500</leader>
  <controlfield tag="001">39592</controlfield>
  <controlfield tag="003">BD-DhAAL</controlfield>
  <controlfield tag="008">220927t1987    nyua          001 0 eng d</controlfield>
  <datafield tag="999" ind1=" " ind2=" ">
   <subfield code="c">44921</subfield>
   <subfield code="d">44921</subfield>
  </datafield>
  <datafield tag="010" ind1=" " ind2=" ">
   <subfield code="a">   86021785 </subfield>
  </datafield>
  <datafield tag="020" ind1=" " ind2=" ">
   <subfield code="a">0393955540</subfield>
  </datafield>
  <datafield tag="040" ind1=" " ind2=" ">
   <subfield code="a">DLC</subfield>
   <subfield code="c">DLC</subfield>
   <subfield code="d">DLC</subfield>
   <subfield code="d">BD-DhAAL</subfield>
  </datafield>
  <datafield tag="050" ind1="0" ind2="0">
   <subfield code="a">HB172</subfield>
   <subfield code="b">.V34 1987</subfield>
  </datafield>
  <datafield tag="082" ind1="0" ind2="0">
   <subfield code="a">338.5</subfield>
   <subfield code="2">19</subfield>
  </datafield>
  <datafield tag="100" ind1="1" ind2=" ">
   <subfield code="a">Varian, Hal R.</subfield>
   <subfield code="9">51648</subfield>
  </datafield>
  <datafield tag="245" ind1="1" ind2="0">
   <subfield code="a">Intermediate microeconomics :</subfield>
   <subfield code="b">a modern approach /</subfield>
   <subfield code="c">Hal R. Varian.</subfield>
  </datafield>
  <datafield tag="250" ind1=" " ind2=" ">
   <subfield code="a">First edition</subfield>
  </datafield>
  <datafield tag="260" ind1=" " ind2=" ">
   <subfield code="a">New York :</subfield>
   <subfield code="b">W.W. Norton,</subfield>
   <subfield code="c">c1987.</subfield>
  </datafield>
  <datafield tag="300" ind1=" " ind2=" ">
   <subfield code="a">xviii, 587, A34 pages :</subfield>
   <subfield code="b">illustrations ;</subfield>
   <subfield code="c">25 cm.</subfield>
  </datafield>
  <datafield tag="500" ind1=" " ind2=" ">
   <subfield code="a">Includes index.</subfield>
  </datafield>
  <datafield tag="541" ind1=" " ind2=" ">
   <subfield code="a">Donated By Akbar Ali Khan</subfield>
   <subfield code="e">39592</subfield>
  </datafield>
  <datafield tag="650" ind1=" " ind2="0">
   <subfield code="a">Microeconomics.</subfield>
   <subfield code="9">51649</subfield>
  </datafield>
  <datafield tag="650" ind1=" " ind2="0">
   <subfield code="a">Economics.</subfield>
   <subfield code="9">51650</subfield>
  </datafield>
  <datafield tag="852" ind1=" " ind2=" ">
   <subfield code="a">Ayesha Abed Library</subfield>
   <subfield code="c">General Stacks</subfield>
  </datafield>
  <datafield tag="942" ind1=" " ind2=" ">
   <subfield code="2">ddc</subfield>
   <subfield code="c">BK</subfield>
  </datafield>
  <datafield tag="952" ind1=" " ind2=" ">
   <subfield code="0">0</subfield>
   <subfield code="1">0</subfield>
   <subfield code="2">ddc</subfield>
   <subfield code="4">0</subfield>
   <subfield code="6">338_500000000000000_VAR</subfield>
   <subfield code="7">1</subfield>
   <subfield code="9">71892</subfield>
   <subfield code="a">BRACUL</subfield>
   <subfield code="b">BRACUL</subfield>
   <subfield code="c">AAKC</subfield>
   <subfield code="d">2022-09-27</subfield>
   <subfield code="e">Donated by Akbar Ali Khan</subfield>
   <subfield code="l">0</subfield>
   <subfield code="o">338.5 VAR</subfield>
   <subfield code="p">3010039592</subfield>
   <subfield code="r">2022-09-27</subfield>
   <subfield code="t">1</subfield>
   <subfield code="w">2022-09-27</subfield>
   <subfield code="y">BK</subfield>
  </datafield>
 </record>
</collection>
